Giai thoại lịch sử Việt Nam; T1

محفوظ في:
التفاصيل البيبلوغرافية
المؤلف الرئيسي: Kiều Văn
التنسيق: كتاب
اللغة:Undetermined
منشور في: H. VHTT 2002
الموضوعات:
الوسوم: إضافة وسم
لا توجد وسوم, كن أول من يضع وسما على هذه التسجيلة!
Thư viện lưu trữ: Trung tâm Học liệu Trường Đại học Cần Thơ
LEADER 00466nam a2200181Ia 4500
001 CTU_53959
008 210402s9999 xx 000 0 und d
020 |b 65000 
082 |a 895.922802 
082 |b K309/T1 
100 |a Kiều Văn 
245 0 |a Giai thoại lịch sử Việt Nam; T1 
245 0 |c Kiều Văn 
260 |a H. 
260 |b VHTT 
260 |c 2002 
650 |a anecdotes 
980 |a Trung tâm Học liệu Trường Đại học Cần Thơ